Κατάλογος Βιβλιοθηκών Mediterranean College

Equipotential Space / Freedom in Architecture (Record no. 1865)

MARC details
000 -LEADER
fixed length control field 01429cam a22001934a 4500
005 - ΗΜΕΡΟΜΗΝΙΑ ΚΑΙ ΩΡΑ ΤΕΛΕΥΤΑΙΑΣ ΕΝΗΜΕΡΩΣΗΣ
Πεδίο ελέγχου 20250605164021.0
008 - FIXED-LENGTH DATA ELEMENTS--GENERAL INFORMATION
Πεδίο ελέγχου σταθερού μήκους 250528s ||||||||||||||||||||||||d
035 ## - SYSTEM CONTROL NUMBER
System control number 16355
040 ## - ΠΗΓΗ ΚΑΤΑΛΟΓΟΓΡΑΦΗΣΗΣ
Φορέας πρωτότυπης καταλογογράφησης MC Athens Campus Library
Γλώσσα καταλογογράφησης Ελληνικά, Μοντέρνα (1453-)
Modifying agency MC Athens Campus Library
Κανόνες περιγραφικής καταλογογράφησης AACR2
245 1# - ΤΙΤΛΟΣ ΚΑΙ ΔΗΛΩΣΗ ΥΠΕΥΘΥΝΟΤΗΤΑΣ
Τίτλος Equipotential Space / Freedom in Architecture
260 ## - PUBLICATION, DISTRIBUTION, ETC.
Name of publisher, distributor, etc. Praeger Publishers,
Date of publication, distribution, etc. 1970
300 ## - PHYSICAL DESCRIPTION
Extent 144
505 0# - FORMATTED CONTENTS NOTE
Formatted contents note Acknowledgements, Introduction, Architecture as a Cultural Function, The Change of Scale: Challenge, The Change of Scale: Response, The Image of the Future: Mass Culture, Technology as the Medium Technical Appendix, The Dilemma of Standards: Quality in Quantity, The Solution: Equipotential Space Technical Appendix, The Solution: Technical Means Technical Appendix, The Solution: Proposals Technical Appendix, The Forms of Freedom on an Urban Scale Technical Appendix, Conclusion.
520 ## - SUMMARY, ETC.
Summary, etc. Acknowledgements, Introduction, Architecture as a Cultural Function, The Change of Scale: Challenge, The Change of Scale: Response, The Image of the Future: Mass Culture, Technology as the Medium Technical Appendix, The Dilemma of Standards: Quality in Quantity, The Solution: Equipotential Space Technical Appendix, The Solution: Technical Means Technical Appendix, The Solution: Proposals Technical Appendix, The Forms of Freedom on an Urban Scale Technical Appendix, Conclusion.
700 1# - ΠΡΟΣΘΕΤΗ ΑΝΑΓΡΑΦΗ--ΦΥΣΙΚΟ ΠΡΟΣΩΠΟ
Personal name Severino Renato
9 (RLIN) 2448
942 ## - ADDED ENTRY ELEMENTS (KOHA)
Koha item type Books
Holdings
Τύπος τεκμηρίου Βιβλιοθήκη Τρέχουσα τοποθεσία Barcode Αριθμός εισαγωγής Ημερομηνία απόκτησης Ταξιθετικό σύμβολο Αριθμός αντιτύπου Κατάσταση απόσυρσης Κατάσταση χαμένου Κατάσταση κατεστραμμένου Μη δανεισμός Σύνολο δανεισμών Ημερομηνία τελευταίας εμφάνισης Η τιμή ισχύει από
Books MC Athens Campus Library MC Athens Campus Library 9780000018649 3446 05/06/2025 729/.23 SEV 1           05/06/2025 05/06/2025

MC Athens Campus Library
Πατησίων 94 & Κοδριγκτώνος 13, 104 34
Πελλήνης 8 & Πατησίων 107, 112 51
Τ: +30 210 8899600

MC Thessaloniki Campus Library
Ίωνος Δραγούμη 21, 54625 | Ίωνος Δραγούμη 15, 54625
Τ: +30 2310 287779 – Τ: +30 2314 440300